000 01275cam a22003495a 4500
001 16277486
003 OSt
005 20140310182850.0
008 100611s2009 ph a b 000 0 tgl
010 _a 2010338555
020 _a9789715065474
040 _aDLC
_cDLC
_dDLC
042 _alcode
043 _aa-ph---
050 _aPL 5534
_b.C335 2009
082 _aFIL 899.2112
_b.C37 2009
100 1 _aCasanova, Arthur P.
_q(Arthur de la Peña)
245 1 0 _aKasaysayan at pag-ulad ng dulaang pantinedyer sa Pilipinas
_cCasanova, Arthur P.
246 3 0 _aDulaang pantinedyer sa Pilipinas
260 _aEspaña, Manila
_bUST Pub. House
_c2009
300 _axxxii, 579 p.
_bill.
_c26 cm.
504 _aIncludes bibliographical references (p. 552-573).
520 _aOn history and development of teens theater in the Philippines. Highlights the rationale, mission, vision, and theatrical productions of the different teens theater groups in the Philippines.
521 _ahighschool to college student
526 _c0L to 17000L
541 _j1
546 _aIn Tagalog.
562 _efor circulation : 1 copy in the cpollection
906 _a7
_bpar
_corigode
_d3
_encip
_f20
_gy-gencatlg
942 _2lcc
_cBK
_kFIL
999 _c16976
_d16976